000 00451nam a2200157Ia 4500
005 20240821160559.0
008 240821s9999||||xx |||||||||||||| ||und||
082 _a421 MAD(TB)
100 _aMadhya Pradesh Rajya Shiksha Kendra
245 0 _aEnglish reader (general series) class 2
250 _aRev.ed.
260 _aBhopal
_bMadhya Pradesh Pathyapustak Nigam
_c2008
300 _avi, 158p.
650 _aEnglish writing - Textbook
942 _cBK
999 _c171673
_d171673